| 000 | 00742nam a2200229 a 4500 | ||
|---|---|---|---|
| 999 |
_c10169 _d10169 |
||
| 001 | 10169 | ||
| 003 | BD-JhCC | ||
| 005 | 20180418193418.0 | ||
| 008 | 180418s1975 ii |||| |||| 000 0 ben d | ||
| 035 | _a(BD-JhCC)10169 | ||
| 040 |
_aBD-JhCC _dBD-JhCC |
||
| 041 | _aben | ||
| 082 |
_a784 _bTAG 1975 |
||
| 100 | _aঠাকুর, রবীন্দ্রনাথ | ||
| 245 |
_aনৃত্যনাট্য শ্যামা / _cরবীন্দ্রনাথ ঠাকুর, |
||
| 260 |
_aকলকাতা : _bবিশ্বভারতী গ্রন্থনবিভাগ, _c1977. |
||
| 300 |
_a101 P. : _c24 cm. |
||
| 490 | _aস্বরবিতান ১৯ | ||
| 650 | _aMusic | ||
| 942 |
_2ddc _cBK |
||